| 000 | 00359pab a2200145 454500 | ||
|---|---|---|---|
| 008 | 180718b2004 xxu||||| |||| 00| 0 eng d | ||
| 100 | _aTripathy, K.K. | ||
| 245 | _aBiotech industry: financing and regulatory framework | ||
| 260 | _c2004 | ||
| 300 | _ap.517-32. | ||
| 362 | _aJan-Mar | ||
| 650 | _aBiotechnology | ||
| 773 | _aProductivity | ||
| 909 | _a62035 | ||
| 999 |
_c62035 _d62035 |
||